{"text_format":"1","workbook":"xlsx","n_sheets":1,"sheets":["inv_madera_enero_2022_"],"not_rendered":{"charts":0,"images":2,"macros":0,"external_links":0,"defined_names":0,"comments":0,"pivot_tables":0},"unopened":[],"bounds":{"document_bytes":16777216,"sheet_cells":100000,"rows_first":2000,"rows_last":500,"rows_between":2000,"halvings":0,"cell_chars":16384,"cell_head_chars":4096},"cells_cut":0,"cells_raw":0,"read":"whole","date_system":"1900"}

{"sheet":"inv_madera_enero_2022_","index":0,"n_rows":74,"n_cols":8,"rows_kept":74,"cut":false,"hidden":false,"merged":[[66,6,68,6],[66,7,68,7],[73,0,73,6],[62,0,62,7],[63,0,63,7],[30,0,30,7],[31,0,31,7],[32,0,32,7],[64,0,64,7],[34,5,36,5],[34,6,36,6],[34,7,36,7],[41,0,41,6],[66,0,68,0],[66,1,68,1],[66,2,68,2],[66,3,68,3],[66,4,68,4],[66,5,68,5],[6,7,8,7],[13,0,13,6],[34,0,36,0],[34,1,36,1],[34,2,36,2],[34,3,36,3],[34,4,36,4],[2,0,2,7],[3,0,3,7],[4,0,4,7],[6,0,8,0],[6,1,8,1],[6,2,8,2],[6,3,8,3],[6,4,8,4],[6,5,8,5],[6,6,8,6]]}
[]
[]
["INSTITUTO DEL TABACO DE LA REPÚBLICA DOMINICANA"]
["INVENTARIO DE MADERA"]
["MES DE ENERO 2022"]
[]
["Fecha de adquisión y/o registro","Artículo","Código Institucional","Descripción artículo","Existencia","Unidad","Costo","Valor"]
[]
[]
["2021-12-28","MADERA ( 3 )","ESTA","ESTANTE DE 13 P. MAD. DURA",21,"UND",406.58375999999998,{"$f":"+G10*E10","v":8538.2589599999992}]
["2018-01-22","MADERA ( 3 )","F1X3X12","FAJILLAS 1X3X12",1551,"DOCENA",2400,{"$f":"+G11*E11","v":3722400}]
["2021-12-28","MADERA ( 3 )","VARFIN-ASC","VARAS FINA DE ASCASIA",19,"DOCENA",1740,{"$f":"+G12*E12","v":33060}]
["2022-01-31","OTROS ( 5 )","VA20P","VARAS DE ACACIA 20P",40920,"UND",200,{"$f":"+G13*E13","v":8184000}]
["TOTAL",null,null,null,null,null,null,{"$f":"SUM(H10:H13)","v":11947998.258959999}]
[]
[]
[]
[]
[]
[]
[]
[]
[]
[]
[]
[]
[]
[]
[]
[]
["INSTITUTO DEL TABACO DE LA REPÚBLICA DOMINICANA"]
["INVENTARIO DE MADERA"]
["MES DE FEBRERO 2022"]
[]
["Fecha de adquisión y/o registro","Artículo","Código Institucional","Descripción artículo","Existencia","Unidad","Costo","Valor"]
[]
[]
["2021-12-28","MADERA ( 3 )","ESTA","ESTANTE DE 13 P. MAD. DURA",21,"UND",406.58375999999998,{"$f":"+G38*E38","v":8538.2589599999992}]
["2018-01-22","MADERA ( 3 )","F1X3X12","FAJILLAS 1X3X12",1476,"DOCENA",2400,{"$f":"+G39*E39","v":3542400}]
["2021-12-28","MADERA ( 3 )","VARFIN-ASC","VARAS FINA DE ASCASIA",15,"DOCENA",1740,{"$f":"+G40*E40","v":26100}]
["2022-01-31","OTROS ( 5 )","VA20P","VARAS DE ACACIA 20P",38169,"UND",200,{"$f":"+G41*E41","v":7633800}]
["TOTAL",null,null,null,null,null,null,{"$f":"SUM(H38:H41)","v":11210838.258959999}]
[]
[]
[]
[]
[]
[]
[]
[]
[]
[]
[]
[]
[]
[]
[]
[]
[]
[]
[]
[]
["INSTITUTO DEL TABACO DE LA REPÚBLICA DOMINICANA"]
["INVENTARIO DE MADERA"]
["MES DE MARZO 2022"]
[]
["Fecha de adquisión y/o registro","Artículo","Código Institucional","Descripción artículo","Existencia","Unidad","Costo","Valor"]
[]
[]
["2021-12-28","MADERA ( 3 )","ESTA","ESTANTE DE 13 P. MAD. DURA",21,"UND",406.58375999999998,{"$f":"+G70*E70","v":8538.2589599999992}]
["2018-01-22","MADERA ( 3 )","F1X3X12","FAJILLAS 1X3X12",1220,"DOCENA",2400,{"$f":"+G71*E71","v":2928000}]
["2021-12-28","MADERA ( 3 )","VARFIN-ASC","VARAS FINA DE ASCASIA",15,"DOCENA",1740,{"$f":"+G72*E72","v":26100}]
["2022-01-31","OTROS ( 5 )","VA20P","VARAS DE ACACIA 20P",33852,"UND",200,{"$f":"+G73*E73","v":6770400}]
["TOTAL",null,null,null,null,null,null,{"$f":"SUM(H70:H73)","v":9733038.2589599993}]